| 000 | 01015nam a2200265 a 4500 | ||
|---|---|---|---|
| 001 | 000022668 | ||
| 005 | 20200930021729.0 | ||
| 008 | 101014s1997 es 001 0 spa d | ||
| 020 | _a8423988023 | ||
| 040 |
_aDO-SdBNP _bspa _cBNPHU |
||
| 082 |
_axxxx _bV422m |
||
| 100 | 1 |
_aVega, Lope de _d1562-1635 _93084 |
|
| 245 | 1 | 0 |
_aLa moza de cántaro; : _bEl mejor alcalde, el rey ; El perro del hortelano ; Peribáñez y el comendador de Ocaña; La estrella de Sevilla ; El caballo de Olmedo ; El amor enamorado / _cLope de Vega. |
| 260 |
_aMadrid, : _bEditorial Espasa Calpe, _c1997. _fHuertas |
||
| 300 |
_a677 p. ; _c22 cm. |
||
| 490 | 1 | _aAntología de la literatura universal | |
| 563 | _aVarias obras empaginadas en páginas continuas | ||
| 740 | 2 | _aEl mejor alcalde, el rey | |
| 740 | 2 | _aPeribáñez y el comendador de Ocaña | |
| 740 | 2 | _aLa estrella de Sevilla | |
| 740 | 2 | _aEl caballo de Olmedo | |
| 740 | 2 | _aEl amor enamorado | |
| 830 | 0 |
_aAntología de la literatura universa _946616 |
|
| 049 | _aBNPD | ||
| 999 |
_c22165 _d22165 |
||